000 00993cam a2200265 a 4500
001 000015265
005 20200929164009.0
008 060628s1888 pr 000 0 spa
020 _a0865814252
040 _aDO-SdBNP
_bspa
_cDLC
_dBNPHU
082 _a390.097295
_bA454g, 1988
100 1 _aAlonso, Manuel A.
_q(Manuel Antonio),
_d1822-1889.
_934534
245 1 3 _aEl gibaro :
_bCuadro de costumbres de la isla de Puerto Rico /
_cManuel A. Alonso.
250 _a2a. ed.
260 _aSan Juan (Puerto Rico) :
_bInstituto de Cultura Puertorriqueña,
_c1888.
300 _a2 v. in 1. ;
_c20 cm.
490 1 _aBiblioteca popular
500 _aEdición fascimilar
500 _aOn t.-p. of v. 1: Publicado por primera vez en Barcelona en el año de 1849.
651 4 _aPuerto Rico
_xVida Social Y Costumbres
_99074
651 4 _aPuerto Rico
_xCivilización
_913570
651 4 _aPuerto Rico
_xAspectos Sociales
_934535
830 0 _aBiblioteca popular
_95059
910 _aCatalogación derivada
999 _c14831
_d14831